000 00677naa a2200217 i 4500
001 44541
003 ES-MaBCM
005 20241016104707.0
008 970117s1996 usa 000 0 eng d
021 _axx
035 _a(OCoLC)1365256577
040 _cES-MaBCM
041 0 _aeng
043 _ausa
100 1 _aRatner, Steven R.
_938691
245 1 0 _aDrawing a better line
_b: UTI possidetis and the borders of new states
_cSteven R. Ratner
650 2 7 _aFrontera
_958750
650 2 7 _aRelación internacional
_960079
773 0 _aEn:
_tAmerican journal of international law
_dWashington : 1996
_w104703
_gvol. 90, no. 4, Oct., p. 590-624. - Loc. S.342
942 _cAREV
999 _c44541
_d44541